[Event "COL-ch U16 sf1"]
[Site "Riohacha"]
[Date "2018.03.09"]
[Round "5.10"]
[White "Izquierdo Vallejo, Oscar Andres"]
[Black "Navarro Varela, Ashly Julieth"]
[Result "1-0"]
[WhiteElo "1580"]
[BlackElo "1600"]
[PlyCount "61"]
[EventDate "2018.03.07"]
[EventType "swiss"]
[EventRounds "6"]
[EventCountry "COL"]
[SourceTitle "EXT 2024"]
[Source "ChessBase"]
[SourceDate "2023.10.10"]
[SourceVersion "1"]
[SourceVersionDate "2023.10.10"]
[SourceQuality "1"]

1. e4 g6 2. d4 d6 3. Nf3 Bg7 4. Bc4 e6 5. 0-0 e5 6. dxe5 dxe5 7. Qxd8+ Kxd8 8. Rd1+ Ke8 9. Bg5 f6 10. Bh4 g5 11. Bg3 Bg4 12. Nc3 Nc6 13. h3 Bh5 14. Rd2 Bh6 15. Rd3 Nb4 16. Rdd1 Nxc2 17. Rab1 g4 18. hxg4 Bxg4 19. Be2 Nb4 20. Nh4 Bxe2 21. Nxe2 Nxa2 22. Nf5 c5 23. Nd6+ Kf8 24. Nxb7 Rc8 25. Rd8+ Rxd8 26. Nxd8 Bg7 27. Ne6+ Kf7 28. Nxc5 Nh6 29. Ra1 Nb4 30. Rxa7+ Kg6 31. f4 1-0

[Event "COL-ch U16 sf1"]
[Site "Riohacha"]
[Date "2018.03.08"]
[Round "3.7"]
[White "Izquierdo Vallejo, Oscar Andres"]
[Black "Olier Robayo, Mishelle Dayana"]
[Result "1-0"]
[WhiteElo "1580"]
[BlackElo "1418"]
[PlyCount "83"]
[EventDate "2018.03.07"]
[EventType "swiss"]
[EventRounds "6"]
[EventCountry "COL"]
[SourceTitle "EXT 2024"]
[Source "ChessBase"]
[SourceDate "2023.10.10"]
[SourceVersion "1"]
[SourceVersionDate "2023.10.10"]
[SourceQuality "1"]

1. e4 b6 2. Nf3 Bb7 3. Nc3 e6 4. Bc4 d6 5. 0-0 Be7 6. d4 Nd7 7. Re1 c5 8. a3 a6 9. Bf4 Qc7 10. dxc5 bxc5 11. Bg3 e5 12. Nd5 Bxd5 13. Qxd5 0-0-0 14. Qa8+ Qb8 15. Bxa6+ Kc7 16. Qxb8+ Rxb8 17. b3 Ngf6 18. a4 Nh5 19. Bb5 Nxg3 20. fxg3 g5 21. Rad1 g4 22. Bxd7 Kxd7 23. Nxe5+ Ke6 24. Nc6 Rb6 25. Nxe7 Kxe7 26. e5 Kd7 27. exd6 Rxd6 28. Rxd6+ Kxd6 29. Re4 f5 30. Rc4 Kd5 31. a5 Ra8 32. Ra4 Kc6 33. Kf2 Kb5 34. Ke3 Rxa5 35. Rxa5+ Kxa5 36. c3 Kb5 37. Kf4 Kc6 38. Kxf5 Kd5 39. b4 c4 40. h3 gxh3 41. gxh3 Kc6 42. Ke6 1-0